000 00444nam a2200181Ia 4500
008 131103s9999 xx 000 0 und d
040 _aLoreto College
041 _aEnglish
082 _a539.76/BAR
_bLCBED/
100 _aBarr, Donald
245 _aAtomic energy
_cDonald Barr
260 _aNew York
_bWonder books
_c1967
300 _a48p.
_b ill.
_c 26cm.
440 _aHow and why
650 _aREF
850 _aLCBED/REF
942 _cBK
999 _c33762
_d84241